Sociedad criolla.

Guardado en:
Formato: Deslizar
Series:Educable
Materias:
Etiquetas: Agregar Etiqueta
Sin Etiquetas, Sea el primero en etiquetar este registro!
LEADER 01071ngm a22003015g 4500
001 CEM.cems022191
008 130507b1996##################0###0#####d
005 20241009163403.0
245 0 0 |a Sociedad criolla. 
300 |a 23'. 
490 0 |a Educable 
500 |a En soporte VHS, consultar en ventanilla. 
505 0 |a Cambios en la sociedad criolla. Militarización. Caudillos. Comercio: exportación, importación. Contrabando. Costumbres: influencia inglesa. El Fuerte. Cabildo. Recova. Catedral. El gaucho. Vendedores ambulantes. Pulperías. 
538 |a Soporte: VHS - Norma:. Pal N - Color - Grabación DRD 1996 - Hitachi=4895 
082 9 8 |/ OTT 
653 |a HISTORIA ARGENTINA 
653 |a SOCIEDAD CRIOLLA 
653 |a MILITARIZACION 
653 |a CAUDILLOS 
653 |a COMERCIO 
653 |a CONTRABANDO 
653 |a COSTUMBRES 
653 |a GAUCHO 
653 |a VENDEDORES AMBULANTES 
653 |a PULPERIAS 
653 |a NIVEL PRIMARIO 
653 |a NIVEL SECUNDARIO 
859 |a CEMS  |b BIB. CEMS - Depto. Recursos Didacticos  |h 982  |i OTT  |k DRD  |p 834.12  |t Ej.1